专名笔画总和小于等于7的县级行政区 - Statistics

General Stats
  • This quiz has been taken 23 times
  • The average score is 32 of 60
Answer Stats
笔画数 省级行政区 地级行政区 县级行政区 % Correct
7 湖北省 (直辖) 天门市
100%
3 辽宁省 锦州市 义县
90%
4 江苏省 徐州市 丰县
90%
7 江苏省 徐州市 沛县
85%
4 甘肃省 陇南市 文县
80%
7 辽宁省 大连市 中山区
80%
7 浙江省 金华市 义乌市
80%
4 河南省 郑州市 二七区
75%
7 云南省 文山壮族苗族自治州 文山市
75%
5 四川省 攀枝花市 东区
70%
6 四川省 攀枝花市 西区
70%
7 河北省 沧州市 沧县
70%
4 云南省 临沧市 云县
65%
6 山西省 临汾市 吉县
65%
6 浙江省 台州市 三门县
65%
7 江苏省 盐城市 大丰区
65%
7 山东省 济南市 历下区
65%
7 湖北省 随州市 广水市
65%
7 广东省 佛山市 三水区
65%
4 陕西省 宝鸡市 凤县
60%
5 河北省 廊坊市 大厂回族自治县
60%
6 甘肃省 陇南市 成县
60%
7 山西省 长治市 长子县
60%
7 湖南省 株洲市 攸县
60%
7 广东省 珠海市 斗门区
60%
7 陕西省 延安市 子长市
60%
5 山西省 临汾市 古县
55%
5 甘肃省 庆阳市 宁县
55%
5 甘肃省 陇南市 礼县
55%
6 山西省 晋中市 祁县
55%
7 福建省 三明市 三元区
55%
6 山西省 吕梁市 兴县
50%
6 辽宁省 鞍山市 千山区
50%
6 贵州省 铜仁市 万山区
50%
7 安徽省 淮南市 寿县
50%
7 福建省 福州市 仓山区
50%
7 新疆维吾尔自治区 乌鲁木齐市 天山区
50%
5 山西省 忻州市 代县
45%
5 河南省 平顶山市 叶县
45%
6 河南省 三门峡市 义马市
45%
7 山西省 朔州市 应县
45%
7 河南省 开封市 杞县
45%
7 贵州省 遵义市 习水县
45%
7 甘肃省 张掖市 山丹县
45%
6 广西壮族自治区 南宁市 马山县
40%
7 山西省 长治市 沁县
40%
7 山西省 吕梁市 岚县
40%
7 吉林省 长春市 九台区
40%
7 广西壮族自治区 河池市 巴马瑶族自治县
40%
7 贵州省 毕节市 大方县
40%
7 广西壮族自治区 河池市 凤山县
30%
7 广西壮族自治区 河池市 大化瑶族自治县
30%
7 四川省 甘孜藏族自治州 九龙县
30%
7 西藏自治区 山南市 乃东区
30%
7 河北省 邯郸市 邱县
25%
7 山西省 吕梁市 方山县
25%
7 江西省 上饶市 广丰区
25%
7 西藏自治区 阿里地区 日土县
25%
7 陕西省 宝鸡市 陇县
25%
7 河南省 南阳市 内乡县
20%
No matching quizzes found
Score Distribution
Percent of People with Each Score
Percentile by Number Answered
Your Score History
You have not taken this quiz